[Event "SVK-ch U14"]
[Site "Liptovsky Mikulas"]
[Date "2019.04.24"]
[Round "3"]
[White "Riebesam, Norbert"]
[Black "Furman, Maximilian Jan"]
[Result "0-1"]
[WhiteElo "1297"]
[BlackElo "1602"]
[PlyCount "132"]
[EventDate "2019.04.23"]
[EventType "swiss"]
[EventRounds "9"]
[EventCountry "SVK"]
[SourceTitle "CBM 190 Extra"]
[Source "ChessBase"]
[SourceDate "2019.07.15"]
[SourceVersion "1"]
[SourceVersionDate "2019.07.15"]
[SourceQuality "1"]

1. d4 d5 2. Bf4 c5 3. e3 Nc6 4. Nf3 Nf6 5. Nbd2 Bf5 6. Bd3 Bxd3 7. cxd3 e6 8. dxc5 Bxc5 9. d4 Be7 10. a3 0-0 11. 0-0 Qb6 12. Rb1 Rac8 13. Qb3 Qxb3 14. Nxb3 Ne4 15. Nbd2 Bd6 16. Nxe4 Bxf4 17. exf4 dxe4 18. Ng5 Nxd4 19. Nxe4 Ne2+ 20. Kh1 Nxf4 21. Nd6 Rb8 22. Rfd1 Nd5 23. Nc4 h6 24. Ne5 Rbc8 25. Rbc1 Rfd8 26. g3 Kf8 27. Nd7+ Ke7 28. Nc5 Rc7 29. Nd3 Rdc8 30. Rxc7+ Rxc7 31. Rc1 Rxc1+ 32. Nxc1 Kd6 33. Kg2 Nb6 34. b3 e5 35. f3 Nd5 36. Ne2 Ne3+ 37. Kf2 Nc2 38. a4 Nd4 39. b4 Nxe2 40. Kxe2 Kd5 41. Kd3 f5 42. Ke3 h5 43. h3 Kc4 44. g4 g6 45. gxh5 gxh5 46. f4 e4 47. b5 b6 48. h4 Kb4 49. Kd4 Kxa4 50. Ke5 e3 51. Kxf5 e2 52. Kg5 e1Q 53. Kxh5 Qg3 54. f5 Qg7 55. f6 Qxf6 56. Kg4 Kxb5 57. Kg3 Qg6+ 58. Kh2 Kc4 59. Kh3 Kd3 60. h5 Qg5 61. h6 Qxh6+ 62. Kg2 Qe3 63. Kh1 Qg5 64. Kh2 Ke3 65. Kh1 Kf3 66. Kh2 Qg2# 0-1

[Event "SVK-ch U12"]
[Site "Liptovsky Mikulas"]
[Date "2017.04.27"]
[Round "8"]
[White "Riebesam, Norbert"]
[Black "Zumrik, Lukas"]
[Result "0-1"]
[WhiteElo "1382"]
[BlackElo "1300"]
[PlyCount "100"]
[EventDate "2017.04.22"]
[EventType "swiss"]
[EventRounds "9"]
[EventCountry "SVK"]
[SourceTitle "CBM 178 Extra"]
[Source "ChessBase"]
[SourceDate "2017.06.22"]
[SourceVersion "1"]
[SourceVersionDate "2017.06.22"]
[SourceQuality "1"]

1. d4 d5 2. Nc3 Nf6 3. Nf3 Nc6 4. Bg5 e6 5. e3 Bd6 6. Bb5 a6 7. Bxc6+ bxc6 8. 0-0 h6 9. Bh4 Bd7 10. h3 Rb8 11. b3 Be7 12. Re1 0-0 13. Ne5 g5 14. Bg3 Bb4 15. Nxd7 Qxd7 16. Qd3 Bxc3 17. Qxc3 Ne4 18. Qa5 Nxg3 19. fxg3 Ra8 20. Rf1 Qd6 21. Kh2 h5 22. Qe1 h4 23. Rf6 Kg7 24. Rf3 f5 25. Kh1 hxg3 26. Qxg3 Qxg3 27. Rxg3 Kg6 28. h4 g4 29. Re1 Rh8 30. e4 dxe4 31. Rc3 Rxh4+ 32. Kg1 Kf6 33. Rxc6 Rh7 34. c4 Ra7 35. Kf2 Rd7 36. d5 Rd6 37. Rxd6 cxd6 38. Rh1 exd5 39. cxd5 Ke5 40. Rd1 Rc7 41. Rd2 f4 42. g3 e3+ 43. Ke2 exd2 44. gxf4+ Kxf4 45. Kxd2 g3 46. Ke2 Rc2+ 47. Kf1 Kf3 48. Ke1 g2 49. Kd1 Rxa2 50. Kc1 g1Q# 0-1

[Event "SVK-ch U12"]
[Site "Liptovsky Mikulas"]
[Date "2017.04.24"]
[Round "4"]
[White "Riebesam, Norbert"]
[Black "Lovcican, Tomas"]
[Result "1/2-1/2"]
[WhiteElo "1382"]
[BlackElo "1452"]
[PlyCount "143"]
[EventDate "2017.04.22"]
[EventType "swiss"]
[EventRounds "9"]
[EventCountry "SVK"]
[SourceTitle "CBM 178 Extra"]
[Source "ChessBase"]
[SourceDate "2017.06.22"]
[SourceVersion "1"]
[SourceVersionDate "2017.06.22"]
[SourceQuality "1"]

1. e4 c5 2. Nf3 Nc6 3. Nc3 g6 4. d4 cxd4 5. Nxd4 Bg7 6. Nxc6 bxc6 7. Qf3 e6 8. Bc4 Ne7 9. Bd2 0-0 10. 0-0-0 Bb7 11. Bg5 Re8 12. a3 Qc8 13. Rd3 d5 14. Bb3 Ba6 15. Rd2 d4 16. Ne2 c5 17. Bf6 Bh6 18. Nf4 Bg7 19. Ne2 Bxe2 20. Rxe2 Qa6 21. Bxg7 Kxg7 22. Qd3 Qxd3 23. cxd3 Rab8 24. Ba2 Rec8 25. Kb1 Nc6 26. f4 Kf6 27. h4 h5 28. g3 Ne7 29. Bc4 Ng8 30. f5 gxf5 31. exf5 Kxf5 32. Re4 Nh6 33. Rf1+ Kg6 34. Bxe6 fxe6 35. Rxe6+ Kg7 36. Rff6 Ng4 37. Rg6+ Kf7 38. Rd6 Rb7 39. Rg5 Nf6 40. Rf5 Rcb8 41. Rfxf6+ Ke7 42. b4 cxb4 43. a4 b3 44. Rfe6+ Kf7 45. Rc6 Rg8 46. Rh6 Rxg3 47. Rh7+ Rg7 48. Rxh5 b2 49. Rf5+ Ke7 50. Rf1 Kd7 51. Rh6 Rb4 52. h5 Rg2 53. Rh7+ Ke6 54. Rxa7 Rb3 55. h6 Ra3 56. Ra6+ Ke5 57. Ra5+ Kd6 58. Ra6+ Ke5 59. Ra5+ Kd6 60. Ra6+ Kc5 61. Rf5+ Kb4 62. Rb6+ Kc3 63. Rc5+ Kxd3 64. Rxb2 Rg8 65. Rb4 Rc3 66. h7 Rh8 67. Rxc3+ dxc3 68. Rb7 Rf8 69. Rd7+ Kc4 70. Rc7+ Kb3 71. Rb7+ Kc4 72. Rc7+ 1/2-1/2

[Event "SVK-ch U10"]
[Site "Tatralandia"]
[Date "2015.04.19"]
[Round "2"]
[White "Riebesam, Norbert"]
[Black "Grec, Jan Alexander"]
[Result "1/2-1/2"]
[WhiteElo "1000"]
[BlackElo "1042"]
[PlyCount "34"]
[EventDate "2015.04.18"]
[EventType "swiss"]
[EventRounds "9"]
[EventCountry "SVK"]
[SourceTitle "CBM 166 Extra"]
[Source "ChessBase"]
[SourceDate "2015.06.18"]
[SourceVersion "1"]
[SourceVersionDate "2015.06.18"]
[SourceQuality "1"]

1. e4 e5 2. Bc4 Nf6 3. d3 h6 4. Nf3 Bc5 5. Nxe5 d6 6. Nxf7 Qe7 7. Nxh8 Ng4 8. Bf7+ Kd8 9. 0-0 Qe5 10. g3 Qf6 11. Qe2 g5 12. Be3 Qxb2 13. Bxc5 Qxa1 14. Nd2 Qxh8 15. Bh5 dxc5 16. Bxg4 Bxg4 17. Qxg4 Qd4 1/2-1/2